Normal view
MARC view
- Jain ,monika
Entry Personal Name
001 - CONTROL NUMBER
- control field: 3153
003 - CONTROL NUMBER IDENTIFIER
- control field: OSt
005 - DATE AND TIME OF LATEST TRANSACTION
- control field: 20180605111536.0
008 - FIXED-LENGTH DATA ELEMENTS
- fixed length control field: 180605|| aca||aabn | a|a d
040 ## - CATALOGING SOURCE
- Original cataloging agency: OSt
- Transcribing agency: OSt
100 ## - HEADING--PERSONAL NAME
- Personal name: Jain ,monika
670 ## - SOURCE DATA FOUND
- Source citation: Work cat.: (OSt): Jain, P C . 1318, Engineering Chemistry [Chemisry of Engineering Materials], (A Modern Approach), 2018 .
